000 00309 a2200133 4500
000 nam a22 7a 4500
100 _a Parveen, Kumar
110 _a Parveen, Kumar
245 _aYoga and Stress Management
250 _alatest edition
260 _bOxford
_c2025
264 _bOxford
_c2025
942 _cBK
999 _c396240
_d396240